[Event "Schachfestival 2014 - Senioren"]
[Site "Woerishofen Bad"]
[Date "2014.03.27"]
[Round "7.14"]
[White "Thieme, Wolfgang"]
[Black "Mittermaier, Walter"]
[Result "1/2-1/2"]
[WhiteElo "1911"]
[BlackElo "2104"]
[PlyCount "33"]
[EventDate "2014.03.21"]
[EventType "swiss"]
[EventCountry "GER"]
[WhiteTeam "Schachclub Bayer Uerdingen 1923"]
[BlackTeam "SAbt TSV Haunstetten"]
[WhiteTeamCountry "GER"]
[BlackTeamCountry "GER"]

1. e4 c6 2. Nc3 d5 3. Nf3 Bg4 4. d4 Nf6 5. e5 Nfd7 6. h3 Bxf3 7. Qxf3 Qb6 8.
Qf4 e6 9. Bd3 c5 10. dxc5 Nxc5 11. Bb5+ Nc6 12. Be3 Qc7 13. O-O a6 14. Bxc6+
Qxc6 15. Ne2 Be7 16. Nd4 Qc7 17. Qg4 1/2-1/2

[Event "Schachfestival 2014 - Senioren"]
[Site "Woerishofen Bad"]
[Date "2014.03.27"]
[Round "7.42"]
[White "Weber, Gerhard"]
[Black "Koch, Dieter"]
[Result "1/2-1/2"]
[WhiteElo "1880"]
[BlackElo "1809"]
[PlyCount "62"]
[EventDate "2014.03.21"]
[EventType "swiss"]
[EventCountry "GER"]
[WhiteTeam "Schachclub Bayer Leverkusen e.V."]
[BlackTeam "SC Ammersee"]
[WhiteTeamCountry "GER"]
[BlackTeamCountry "GER"]

1. e4 e5 2. Nf3 d6 3. d4 Nd7 4. Bc4 Qe7 5. O-O h6 6. Nc3 c6 7. Be3 g5 8. h3
Ngf6 9. dxe5 dxe5 10. Qd2 Nh5 11. g3 Rg8 12. Kh2 Ndf6 13. Rad1 Bxh3 14. Kxh3
g4+ 15. Kh2 gxf3 16. Rh1 Ng4+ 17. Kg1 Nhf6 18. Qd3 Nxe3 19. Qxe3 Qc5 20. Qxc5
Bxc5 21. Kf1 Ng4 22. Rd2 b5 23. Bb3 b4 24. Nd1 Ke7 25. c3 Rad8 26. Rxd8 Rxd8
27. Rh4 Rg8 28. Rh5 Rg6 29. Rf5 f6 30. Ke1 Nh2 31. Rh5 Ng4 1/2-1/2

[Event "Schachfestival 2014 - Senioren"]
[Site "Woerishofen Bad"]
[Date "2014.03.27"]
[Round "7.37"]
[White "Neumann, Erwin"]
[Black "Alefs, Heinz"]
[Result "0-1"]
[WhiteElo "1932"]
[BlackElo "1823"]
[PlyCount "76"]
[EventDate "2014.03.21"]
[EventType "swiss"]
[EventCountry "GER"]
[WhiteTeam "SK Schwäbisch Hall"]
[BlackTeam "SC Eichenau"]
[WhiteTeamCountry "GER"]
[BlackTeamCountry "GER"]

1. e4 g6 2. d4 Bg7 3. c3 d6 4. Be3 Nf6 5. f3 O-O 6. Bd3 Nbd7 7. Ne2 e5 8. O-O
exd4 9. cxd4 c5 10. Nd2 cxd4 11. Nxd4 Ne5 12. Be2 d5 13. Rc1 dxe4 14. Nxe4 Nd5
15. Bf2 Nf4 16. Re1 Qd5 17. Nc3 Qd8 18. Bf1 Ne6 19. Ndb5 b6 20. Bg3 Nc6 21. Bd6
Re8 22. Ne4 Bb7 23. Rc2 a6 24. Nbc3 f5 25. Nf2 Ncd4 26. Be5 Nxc2 27. Qxc2 Bxe5
28. Rxe5 Nd4 29. Bc4+ Kg7 30. Rxe8 Qxe8 31. Qd2 Rd8 32. Bd5 Ne2+ 33. Kf1 Qe5
34. Nd3 Qd6 35. Qxe2 Bxd5 36. Nf4 Bf7 37. Ncd5 Bxd5 38. Nxd5 Qxd5 0-1

[Event "Schachfestival 2014 - Senioren"]
[Site "Woerishofen Bad"]
[Date "2014.03.27"]
[Round "7.8"]
[White "Schmidt, Wolfgang"]
[Black "Zwetz, Anita"]
[Result "0-1"]
[WhiteElo "2080"]
[BlackElo "1897"]
[PlyCount "80"]
[EventDate "2014.03.21"]
[EventType "swiss"]
[EventCountry "GER"]
[WhiteTeam "SC Emmendingen 1937 e.V."]
[BlackTeam "TSV Kareth-Lappersdorf"]
[WhiteTeamCountry "GER"]
[BlackTeamCountry "GER"]

1. e4 e6 2. d4 d5 3. e5 c5 4. c3 Nc6 5. Nf3 Bd7 6. Bd3 cxd4 7. cxd4 Qb6 8. O-O
Nxd4 9. Nbd2 Nc6 10. Nb3 Be7 11. Be3 Qd8 12. Nc5 Bxc5 13. Bxc5 Nge7 14. Re1 Ng6
15. g3 f5 16. h4 Nge7 17. Ng5 O-O 18. Qh5 h6 19. Nh3 Be8 20. Qd1 Kh8 21. Nf4
Bf7 22. h5 Rg8 23. Qd2 Qe8 24. Kg2 Qd7 25. Bb5 Rge8 26. Rh1 a6 27. Bxe7 Rxe7
28. Bxc6 bxc6 29. Ng6+ Bxg6 30. hxg6 Kg8 31. Rxh6 gxh6 32. Qxh6 Rg7 33. Rh1 Kf8
34. Qh8+ Rg8 35. Qf6+ Ke8 36. Rh7 Rf8 37. g7 Rg8 38. Rh8 Qf7 39. Qh6 Kd7 40. f4
Rae8 0-1

[Event "Schachfestival 2014 - Senioren"]
[Site "Woerishofen Bad"]
[Date "2014.03.27"]
[Round "7.20"]
[White "Hager, Eberhard"]
[Black "Braeu, Ludwig"]
[Result "1/2-1/2"]
[WhiteElo "1882"]
[BlackElo "1958"]
[PlyCount "71"]
[EventDate "2014.03.21"]
[EventType "swiss"]
[EventCountry "GER"]
[WhiteTeam "SC Friedberg im Gehörl. Sportver"]
[BlackTeam "SK Marktoberdorf"]
[WhiteTeamCountry "GER"]
[BlackTeamCountry "GER"]

1. e4 c5 2. Nf3 Nc6 3. d4 cxd4 4. Nxd4 g6 5. Nxc6 bxc6 6. Bc4 Bg7 7. O-O d6 8.
c3 e6 9. Nd2 Ne7 10. Bb3 O-O 11. Nf3 d5 12. exd5 cxd5 13. Bg5 h6 14. Bf4 Ba6
15. Re1 Rc8 16. Qd2 Kh7 17. Be5 Nc6 18. Bxg7 Kxg7 19. Ba4 Qb6 20. h3 Bb5 21.
Bxb5 Qxb5 22. Nh2 Rfd8 23. Ng4 Rh8 24. Rab1 h5 25. Ne5 f6 26. Nxc6 Qxc6 27. Qe3
e5 28. Qxa7+ Rc7 29. Qe3 Ra8 30. a3 Ra4 31. Qd2 Rc4 32. Red1 Rc5 33. Rbc1 d4
34. Qd3 dxc3 35. bxc3 Rxc3 36. Rxc3 1/2-1/2

[Event "Schachfestival 2014 - Senioren"]
[Site "Woerishofen Bad"]
[Date "2014.03.27"]
[Round "7.57"]
[White "Neiss, Albrecht"]
[Black "Hartlaub, Marianne"]
[Result "0-1"]
[WhiteElo "1633"]
[BlackElo "1596"]
[PlyCount "140"]
[EventDate "2014.03.21"]
[EventType "swiss"]
[EventCountry "GER"]
[WhiteTeam "SC Kirchseeon e.V."]
[BlackTeam "SK 1982 Klingenberg/Main"]
[WhiteTeamCountry "GER"]
[BlackTeamCountry "GER"]

1. d4 d6 2. e4 Nf6 3. Nc3 c6 4. Bd3 e5 5. dxe5 dxe5 6. Nge2 Be7 7. O-O O-O 8.
f3 Be6 9. Be3 Nbd7 10. Ng3 Bc5 11. Qe2 Qb6 12. Nd1 Bxe3+ 13. Qxe3 Qc7 14. b3
Rfd8 15. Nb2 b5 16. c4 a6 17. b4 Nf8 18. c5 a5 19. a3 Rd7 20. Nf5 Bxf5 21. exf5
Rad8 22. Rad1 Nd5 23. Qc1 axb4 24. axb4 Nf4 25. Qb1 Rd4 26. g3 Nd5 27. Qc1 Nxb4
28. Be4 Na2 29. Qc2 f6 30. Qb3+ Qf7 31. Qxf7+ Kxf7 32. Bxc6 Nc3 33. Rxd4 Rxd4
34. Rf2 Ke7 35. g4 Nd7 36. Rc2 b4 37. Na4 Nxa4 38. Bxa4 Rd3 39. c6 Nb6 40. c7
Rc3 41. Rxc3 bxc3 42. Bc2 Kd6 43. Kf1 Kxc7 44. Ke2 Kd6 45. Kd3 Nd5 46. Bb3 Nf4+
47. Kxc3 Kc5 48. Bc4 Nh3 49. Bf1 Ng5 50. Bg2 Nf7 51. h4 h6 52. Bf1 Nd6 53. Bd3
Nb5+ 54. Bxb5 Kxb5 55. Kd3 Kc5 56. Ke4 Kc4 57. g5 h5 58. f4 exf4 59. Kxf4 Kd4
60. Kf3 Ke5 61. gxf6 gxf6 62. Ke3 Kxf5 63. Kf3 Ke5 64. Ke3 f5 65. Kf3 f4 66.
Kf2 Ke4 67. Ke2 f3+ 68. Kf2 Kf4 69. Kf1 Kg3 70. Kg1 Kxh4 0-1

[Event "Schachfestival 2014 - Senioren"]
[Site "Woerishofen Bad"]
[Date "2014.03.27"]
[Round "7.13"]
[White "Rahn, Oskar"]
[Black "Reichwald, Klaus"]
[Result "1-0"]
[WhiteElo "2123"]
[BlackElo "1894"]
[PlyCount "129"]
[EventDate "2014.03.21"]
[EventType "swiss"]
[EventCountry "GER"]
[WhiteTeam "SK Frankenthal"]
[BlackTeam "SC Lohhof 1950 e.V."]
[WhiteTeamCountry "GER"]
[BlackTeamCountry "GER"]

1. e4 d6 2. d4 Nf6 3. Nc3 g6 4. Bc4 Bg7 5. Bb3 O-O 6. Nf3 Nbd7 7. e5 Ne8 8. e6
fxe6 9. Bxe6+ Kh8 10. Ng5 Nef6 11. Nf7+ Rxf7 12. Bxf7 Qf8 13. Be6 Nb6 14. Bxc8
Rxc8 15. O-O c6 16. Qe2 Re8 17. Qe6 Qg8 18. Qxg8+ Kxg8 19. Bg5 h6 20. Bxf6 Bxf6
21. Rad1 d5 22. Ne2 Kf7 23. b3 Nc8 24. Rfe1 g5 25. Ng3 Nd6 26. Rd3 Kg6 27. Rde3
Kf7 28. c3 Rg8 29. Nh5 Re8 30. Nxf6 exf6 31. Rxe8 Nxe8 32. g4 Nd6 33. f3 b5 34.
Kf2 a5 35. a4 bxa4 36. bxa4 Nc4 37. Rb1 Ke6 38. Rb8 Ke7 39. Ke2 Nd6 40. Ra8 Nc4
41. Rh8 Nb2 42. Rxh6 Nxa4 43. Kd2 Nb2 44. Kc2 Nc4 45. h4 gxh4 46. Rxh4 Kf7 47.
Rh7+ Ke6 48. Ra7 Kd6 49. Kd3 a4 50. f4 a3 51. Ke2 Ke6 52. Ra6 Kd6 53. g5 fxg5
54. fxg5 Ke7 55. Rxc6 Kf7 56. Ra6 Kg7 57. Kf3 Nd2+ 58. Kg4 Nb1 59. Kf5 Nxc3 60.
Rxa3 Nb5 61. Ra4 Nd6+ 62. Kf4 Nc4 63. Ra7+ Kg6 64. Ra6+ Kg7 65. Rc6 1-0

[Event "Schachfestival 2014 - Senioren"]
[Site "Woerishofen Bad"]
[Date "2014.03.27"]
[Round "7.44"]
[White "Dallmeier, Gerhard"]
[Black "Narr, Irmgard"]
[Result "1-0"]
[WhiteElo "1852"]
[BlackElo "1761"]
[PlyCount "77"]
[EventDate "2014.03.21"]
[EventType "swiss"]
[EventCountry "GER"]
[WhiteTeam "SK Roland Weissenfels"]
[BlackTeam "SC Mühlh.-R.Nürnberg"]
[WhiteTeamCountry "GER"]
[BlackTeamCountry "GER"]

1. e4 e6 2. d4 d5 3. e5 c5 4. c3 Bd7 5. Nf3 Qb6 6. Be2 Nc6 7. O-O cxd4 8. cxd4
Nge7 9. Na3 Nf5 10. Nc2 Nb4 11. Nxb4 Bxb4 12. a3 Be7 13. g4 Nh4 14. Nxh4 Bxh4
15. b4 Be7 16. Be3 O-O 17. f4 a6 18. Rf3 Bb5 19. Rh3 Bxe2 20. Qxe2 f5 21. g5 g6
22. Rg3 Rac8 23. h4 Rc4 24. h5 Qb5 25. Qh2 Qe8 26. hxg6 Qxg6 27. Rh3 Rfc8 28.
Rh6 Qf7 29. g6 Qg7 30. Qh5 Rc3 31. Rxh7 Bf8 32. Rxg7+ Bxg7 33. Kf2 Rc2+ 34. Kf3
R8c3 35. Qg5 Rh2 36. Qg3 Rd2 37. Rc1 Rxa3 38. Rc8+ Bf8 39. g7 1-0

[Event "Schachfestival 2014 - Senioren"]
[Site "Woerishofen Bad"]
[Date "2014.03.27"]
[Round "7.35"]
[White "Auterhoff, Juergen"]
[Black "Haakert, Karl"]
[Result "1/2-1/2"]
[WhiteElo "1803"]
[BlackElo "1943"]
[PlyCount "119"]
[EventDate "2014.03.21"]
[EventType "swiss"]
[EventCountry "GER"]
[WhiteTeam "SC Pasing von 1948 e.V."]
[BlackTeam "Schachverein Turm Mülheim 1931 e.V."]
[WhiteTeamCountry "GER"]
[BlackTeamCountry "GER"]

1. e4 e5 2. Nf3 Nf6 3. Nxe5 d6 4. Nf3 Nxe4 5. Qe2 Qe7 6. d3 Nc5 7. d4 Ne4 8.
Nbd2 Bf5 9. c3 d5 10. Qe3 Nd7 11. Bd3 Ndf6 12. O-O O-O-O 13. Re1 g6 14. Ne5 Nd6
15. Bxf5+ Nxf5 16. Qe2 h5 17. Ndf3 Bh6 18. Bxh6 Nxh6 19. Qd3 Qf8 20. a4 Rd6 21.
b4 Qg7 22. b5 Ne4 23. Nd2 Nxd2 24. Qxd2 f6 25. Nd3 Nf5 26. a5 Qf7 27. Nb4 Re8
28. a6 Rxe1+ 29. Rxe1 bxa6 30. Nxa6 Re6 31. Nc5 Rxe1+ 32. Qxe1 Qe7 33. Qxe7
Nxe7 34. Ne6 c6 35. bxc6 Nxc6 36. Nf4 Ne7 37. Kf1 Kd7 38. Ke2 Kc6 39. Kd3 Kb5
40. h4 a5 41. Kc2 Kc4 42. g3 a4 43. Nd3 a3 44. Nc1 g5 45. Ne2 Ng6 46. f4 gxh4
47. gxh4 Nxh4 48. Ng3 a2 49. Kb2 a1=Q+ 50. Kxa1 Kxc3 51. Nxh5 f5 52. Kb1 Kxd4
53. Kc2 Ke3 54. Nf6 d4 55. Nd5+ Ke4 56. Nb4 Kxf4 57. Kd3 Nf3 58. Nc2 Ke5 59.
Nb4 Ng5 60. Nc6+ 1/2-1/2

[Event "Schachfestival 2014 - Senioren"]
[Site "Woerishofen Bad"]
[Date "2014.03.27"]
[Round "7.23"]
[White "Klein, Reinhard"]
[Black "Knollmueller, Peter"]
[Result "1-0"]
[WhiteElo "1927"]
[BlackElo "1853"]
[PlyCount "81"]
[EventDate "2014.03.21"]
[EventType "swiss"]
[EventCountry "GER"]
[WhiteTeam "SC Roter Turm Altstadt"]
[BlackTeam "SK Töging"]
[WhiteTeamCountry "GER"]
[BlackTeamCountry "GER"]

1. d4 Nf6 2. Nf3 e6 3. c4 d5 4. Bg5 Be7 5. Nc3 O-O 6. e3 h6 7. Bf4 a6 8. c5 b5
9. cxb6 cxb6 10. Bd3 Nbd7 11. Rc1 Nh5 12. Be5 g6 13. Qc2 f5 14. Nxd5 exd5 15.
Qc6 Nxe5 16. Nxe5 Rb8 17. Qxg6+ Ng7 18. Nc6 Qd6 19. Qxd6 Bxd6 20. Nxb8 Bxb8 21.
Rc6 h5 22. Rxb6 Bc7 23. Rc6 Ba5+ 24. Ke2 Bb7 25. Rc2 Ne6 26. f4 Kf7 27. Bxf5
Kf6 28. Bxe6 Kxe6 29. h3 h4 30. Kf3 Rg8 31. g4 hxg3 32. Rg1 Bd8 33. Rxg3 Rxg3+
34. Kxg3 Kf5 35. Kf3 Bb6 36. h4 Bd8 37. h5 a5 38. Rg2 Ba6 39. h6 Bd3 40. Rg8
Be4+ 41. Ke2 1-0

[Event "Schachfestival 2014 - Senioren"]
[Site "Woerishofen Bad"]
[Date "2014.03.27"]
[Round "7.6"]
[White "Lainburg, Viktor"]
[Black "Spurga, Josef"]
[Result "1/2-1/2"]
[WhiteElo "2188"]
[BlackElo "2008"]
[PlyCount "134"]
[EventDate "2014.03.21"]
[EventType "swiss"]
[EventCountry "GER"]
[WhiteTeam "SC Weisse Dame Ulm e.V."]
[BlackTeam "VfL Sindelfingen"]
[WhiteTeamCountry "GER"]
[BlackTeamCountry "GER"]

1. d4 d5 2. Nf3 Nf6 3. g3 e6 4. Bg2 Be7 5. O-O O-O 6. b3 c5 7. dxc5 Bxc5 8. Bb2
Nbd7 9. Nbd2 b5 10. Nd4 Qb6 11. e3 Bb7 12. Re1 Rac8 13. Qe2 a6 14. a3 Be7 15.
b4 Qd6 16. N2b3 Qc7 17. Rad1 Nb6 18. Na5 Nc4 19. Nxc4 Qxc4 20. Qxc4 Rxc4 21.
Bf1 Rc7 22. Bd3 Nd7 23. Nb3 Bf6 24. Bxf6 Nxf6 25. Nc5 Nd7 26. Nxb7 Rxb7 27. e4
dxe4 28. Bxe4 Ra7 29. Bc6 Nb6 30. Rd4 Rc7 31. Be4 Nc4 32. Ra1 g6 33. a4 Rb8 34.
axb5 axb5 35. Bd3 Ne5 36. Kg2 Nc4 37. Bxc4 bxc4 38. c3 Kf8 39. Ra5 Ke7 40. Kf3
f6 41. Ke3 e5 42. Rdd5 Ke6 43. g4 h6 44. h4 g5 45. hxg5 hxg5 46. Ke4 Rb6 47.
Rac5 Rh7 48. Rxc4 Rh4 49. Rdc5 Rxg4+ 50. Kf3 Rxc4 51. Rxc4 f5 52. Ke3 g4 53.
Rc5 Kd6 54. Ra5 Rc6 55. Kd3 Ke6 56. c4 Rd6+ 57. Kc3 f4 58. c5 Rd1 59. Ra6+ Kf5
60. Ra2 e4 61. b5 f3 62. c6 Ke6 63. Rd2 Rb1 64. c7 Rc1+ 65. Kd4 Rxc7 66. Kxe4
Rc4+ 67. Ke3 Rb4 1/2-1/2

[Event "Schachfestival 2014 - Senioren"]
[Site "Woerishofen Bad"]
[Date "2014.03.27"]
[Round "7.17"]
[White "Huhn, Ulrich"]
[Black "Plischke, Berthold"]
[Result "1-0"]
[WhiteElo "1908"]
[BlackElo "2028"]
[PlyCount "73"]
[EventDate "2014.03.21"]
[EventType "swiss"]
[EventCountry "GER"]
[WhiteTeam "SF Siemensstadt"]
[BlackTeam "Schachverein Wesel 1928 e.V."]
[WhiteTeamCountry "GER"]
[BlackTeamCountry "GER"]

1. d4 e6 2. Nc3 d5 3. Nf3 Nf6 4. Bg5 c5 5. e4 dxe4 6. Nxe4 cxd4 7. Bxf6 gxf6 8.
Qxd4 Qa5+ 9. c3 Be7 10. Nxf6+ Bxf6 11. Qxf6 O-O 12. Bd3 Qh5 13. g4 Nd7 14. Qf4
e5 15. Qe3 Qh3 16. Rg1 Nc5 17. Bf5 e4 18. Rg3 Nd3+ 19. Ke2 exf3+ 20. Kxd3 Qh4
21. Qxf3 Be6 22. Kc2 Rad8 23. Rd1 Rxd1 24. Qxd1 Qxh2 25. Rf3 Bxa2 26. b3 Qc7
27. Kb2 Qa5 28. Qh1 Ra8 29. Qxh7+ Kf8 30. Qh8+ Ke7 31. Qxa8 Bxb3 32. Qxb7+ Kf8
33. Qb4+ Qxb4 34. cxb4 Ba4 35. Ra3 Bd1 36. Rxa7 Bf3 37. b5 1-0

[Event "Schachfestival 2014 - Senioren"]
[Site "Woerishofen Bad"]
[Date "2014.03.27"]
[Round "7.7"]
[White "Nordby, Berndt"]
[Black "Seyffer, Guenther"]
[Result "1-0"]
[WhiteElo "2098"]
[BlackElo "2054"]
[PlyCount "49"]
[EventDate "2014.03.21"]
[EventType "swiss"]
[EventCountry "GER"]
[WhiteTeam "Sarpsborg SK"]
[BlackTeam "SK 1929 Jöhlingen"]
[WhiteTeamCountry "NOR"]
[BlackTeamCountry "GER"]

1. Nf3 Nf6 2. d4 c5 3. c4 cxd4 4. Nxd4 Nc6 5. Nc3 a6 6. e3 e6 7. Nc2 Be7 8. Be2
O-O 9. O-O Qc7 10. b3 Rd8 11. Bb2 d5 12. cxd5 Nxd5 13. Qe1 Ndb4 14. Nxb4 Bxb4
15. a3 Bd6 16. h3 b5 17. Rc1 Bb7 18. Ne4 Be5 19. Bxe5 Qxe5 20. Nc5 Qc7 21. Bf3
Rac8 22. Nxb7 Qxb7 23. Qc3 Rd6 24. Rfd1 Rxd1+ 25. Rxd1 1-0

[Event "Schachfestival 2014 - Senioren"]
[Site "Woerishofen Bad"]
[Date "2014.03.27"]
[Round "7.29"]
[White "Oser, Thor"]
[Black "Boldt, Heinrich"]
[Result "0-1"]
[WhiteElo "1820"]
[BlackElo "1922"]
[PlyCount "64"]
[EventDate "2014.03.21"]
[EventType "swiss"]
[EventCountry "GER"]
[WhiteTeam "SK 1929 Jöhlingen"]
[BlackTeam "TSV Kareth-Lappersdorf"]
[WhiteTeamCountry "GER"]
[BlackTeamCountry "GER"]

1. e4 c5 2. c3 Nf6 3. Qc2 g6 4. d3 Bg7 5. g3 d5 6. h3 Nc6 7. Bg2 O-O 8. Ne2 e5
9. O-O Be6 10. Kh2 Nh5 11. g4 Nf6 12. Ng3 Bxg4 13. hxg4 Nxg4+ 14. Kh3 Qd7 15.
Qe2 Ne3+ 16. Kh2 Nxf1+ 17. Qxf1 d4 18. Bh3 Qd6 19. c4 Ne7 20. Nd2 f5 21. exf5
gxf5 22. f3 Rf7 23. Qf2 Kh8 24. Kh1 Rg8 25. Ndf1 Qg6 26. Bd2 f4 27. Ne4 Qh5 28.
Kh2 b6 29. b4 Nf5 30. bxc5 bxc5 31. Rb1 Nh4 32. Bg4 Nxf3+ 0-1

[Event "Schachfestival 2014 - Senioren"]
[Site "Woerishofen Bad"]
[Date "2014.03.27"]
[Round "7.26"]
[White "Rueggeberg, Wilhelm"]
[Black "Villing, Dieter"]
[Result "0-1"]
[WhiteElo "1882"]
[BlackElo "2117"]
[PlyCount "62"]
[EventDate "2014.03.21"]
[EventType "swiss"]
[EventCountry "GER"]
[WhiteTeam "Sfr.Saarburg-Trier"]
[BlackTeam "SK 1962 Ladenburg"]
[WhiteTeamCountry "GER"]
[BlackTeamCountry "GER"]

1. d4 Nf6 2. c4 e5 3. dxe5 Ng4 4. e3 Nxe5 5. Nf3 Nbc6 6. Be2 Bb4+ 7. Nbd2 Nxf3+
8. Bxf3 Ne5 9. O-O O-O 10. Be2 a5 11. Nf3 Nxf3+ 12. Bxf3 Ra6 13. a3 Bd6 14. g3
Be5 15. Qe2 d6 16. Rb1 a4 17. b4 axb3 18. Rxb3 b6 19. Bb2 Qf6 20. Bxe5 Qxe5 21.
Rfb1 Qc5 22. Ra1 Be6 23. Rc3 b5 24. Qb2 bxc4 25. Kg2 Rb6 26. Qc1 Rfb8 27. e4
Rb2 28. Rc2 c3 29. a4 Rxc2 30. Qxc2 Rb2 31. Qd3 Qxf2+ 0-1

[Event "Schachfestival 2014 - Senioren"]
[Site "Woerishofen Bad"]
[Date "2014.03.27"]
[Round "7.50"]
[White "Scholtyssek, Werner"]
[Black "Breidenbach, Heinz"]
[Result "1/2-1/2"]
[WhiteElo "1799"]
[BlackElo "1503"]
[PlyCount "106"]
[EventDate "2014.03.21"]
[EventType "swiss"]
[EventCountry "GER"]
[WhiteTeam "SK Blankenloch 1947 e.V."]
[BlackTeam "Scacchistica milanese"]
[WhiteTeamCountry "GER"]
[BlackTeamCountry "ITA"]

1. c4 e6 2. Nc3 Nf6 3. g3 c6 4. Bg2 d5 5. cxd5 exd5 6. d4 Be7 7. Nf3 O-O 8. Bf4
h6 9. O-O Bf5 10. Re1 Re8 11. Rc1 Nbd7 12. a3 Nf8 13. Kh1 Ne4 14. Nxe4 Bxe4 15.
Nd2 Bxg2+ 16. Kxg2 Qb6 17. Nb3 Ne6 18. Be3 Rac8 19. Qc2 Bf6 20. Red1 Ng5 21.
Bxg5 Bxg5 22. e3 Qc7 23. Nc5 Be7 24. b4 Bxc5 25. bxc5 Qe7 26. Qb3 Qe4+ 27. Kg1
Qe7 28. Rb1 Rc7 29. Rd2 a6 30. Rdb2 Kh7 31. Qd3+ Kg8 32. Re1 Qe4 33. Qxe4 Rxe4
34. f3 Re6 35. Kf2 Kf8 36. Reb1 Ree7 37. g4 g5 38. Rb3 Kg7 39. Kg3 Kg6 40. f4
f5 41. gxf5+ Kxf5 42. fxg5 hxg5 43. Rf1+ Kg6 44. h3 Rf7 45. Rh1 Rce7 46. Rh2
Rf1 47. Rf2 Rxf2 48. Kxf2 Kf5 49. Kf3 Rf7 50. Rb1 Kg6+ 51. Kg3 Kh5 52. Rb2 Kg6
53. Re2 Re7 1/2-1/2

[Event "Schachfestival 2014 - Senioren"]
[Site "Woerishofen Bad"]
[Date "2014.03.27"]
[Round "7.48"]
[White "Langhoff, Wolfgang"]
[Black "Braeu, Emmi"]
[Result "1-0"]
[WhiteElo "1820"]
[BlackElo "1645"]
[PlyCount "83"]
[EventDate "2014.03.21"]
[EventType "swiss"]
[EventCountry "GER"]
[WhiteTeam "SK Mannheim-Lindenhof 1865"]
[BlackTeam "SK Marktoberdorf"]
[WhiteTeamCountry "GER"]
[BlackTeamCountry "GER"]

1. e4 c5 2. c3 Nc6 3. d4 cxd4 4. cxd4 g6 5. Nf3 Bg7 6. Be3 Nf6 7. Nc3 O-O 8. d5
Nb8 9. Bd3 d6 10. Qd2 b6 11. O-O Ba6 12. Rfe1 Bxd3 13. Qxd3 Nbd7 14. Qd2 Rc8
15. Rac1 a6 16. Nd4 Ne5 17. b3 Nfd7 18. h3 Nb8 19. Nce2 Ned7 20. f3 Nc5 21. b4
Na4 22. Bh6 Qd7 23. Bxg7 Kxg7 24. Nf4 Rxc1 25. Rxc1 Rc8 26. Nde6+ Kg8 27. Rxc8+
Qxc8 28. Nxg6 Qc3 29. Nxe7+ Kh8 30. Qh6 Nd7 31. Nf8 Qg7 32. Qxg7+ Kxg7 33. Nxd7
f6 34. Nf5+ Kg6 35. Nxd6 b5 36. Nc5 Nc3 37. Nxa6 Nxa2 38. Nxb5 Kf7 39. Nd4 Ke7
40. b5 Kd6 41. b6 Nc3 42. b7 1-0

[Event "Schachfestival 2014 - Senioren"]
[Site "Woerishofen Bad"]
[Date "2014.03.27"]
[Round "7.36"]
[White "Riegler, Markus"]
[Black "Kreie, Guenther"]
[Result "0-1"]
[WhiteElo "1817"]
[BlackElo "1939"]
[PlyCount "84"]
[EventDate "2014.03.21"]
[EventType "swiss"]
[EventCountry "GER"]
[WhiteTeam "SK Mannheim-Lindenhof 1865"]
[BlackTeam "Turn- u. Sportverein Eichholz-Re"]
[WhiteTeamCountry "GER"]
[BlackTeamCountry "GER"]

1. c4 Nf6 2. Nc3 e6 3. e4 d5 4. cxd5 exd5 5. e5 Ne4 6. Nxe4 dxe4 7. Qa4+ Bd7 8.
Qxe4 Bc6 9. Qe3 Na6 10. a3 Bc5 11. Qg3 O-O 12. Nf3 Bxf3 13. gxf3 Bd4 14. f4 Nc5
15. d3 f5 16. Rb1 Qe7 17. Be3 Ne6 18. Bxd4 Nxd4 19. Rc1 c6 20. h4 Rad8 21. Be2
Qf7 22. Rg1 Rd7 23. Qe3 Qe6 24. Bd1 Rfd8 25. Rc3 Kh8 26. h5 a5 27. Rg3 b5 28.
b3 Qd5 29. Rh3 Ne6 30. Bf3 Qd4 31. Qxd4 Rxd4 32. Bxc6 Nxf4 33. Re3 b4 34. axb4
axb4 35. Rc4 Ne6 36. Bb5 f4 37. Rh3 Ng5 38. Rxd4 Rxd4 39. Rh1 Rd5 40. e6 Rxb5
41. Kd2 Re5 42. Rc1 Nf3+ 0-1

[Event "Schachfestival 2014 - Senioren"]
[Site "Woerishofen Bad"]
[Date "2014.03.27"]
[Round "7.45"]
[White "Koppenhoefer, Heinz"]
[Black "Niedermaier, Peter"]
[Result "0-1"]
[WhiteElo "1710"]
[BlackElo "1844"]
[PlyCount "86"]
[EventDate "2014.03.21"]
[EventType "swiss"]
[EventCountry "GER"]
[WhiteTeam "TSV Solln Schachabteilung"]
[BlackTeam "SU Ebersberg-Grafing"]
[WhiteTeamCountry "GER"]
[BlackTeamCountry "GER"]

1. e4 c5 2. Nf3 Nc6 3. d4 cxd4 4. Nxd4 d6 5. Nc3 Nf6 6. Bb5 Bd7 7. f3 g6 8. Be3
Bg7 9. Qd2 O-O 10. O-O-O a6 11. Nxc6 bxc6 12. Bc4 Be6 13. Qd3 Bxc4 14. Qxc4 Qc7
15. g4 Rfb8 16. h4 Qb7 17. b3 Qb4 18. Qxb4 Rxb4 19. Na4 Nd7 20. h5 Ne5 21. Rh3
c5 22. c4 Nxc4 23. Bd2 Nxd2 24. Kxd2 c4 25. Nc3 cxb3 26. axb3 Rxb3 27. Nd5 e6
28. Ne7+ Kf8 29. Nc6 Rc8 30. Rc1 Bh6+ 31. Kc2 Rxc6+ 32. Kxb3 Bxc1 33. hxg6 hxg6
34. Rh2 Rb6+ 35. Ka2 a5 36. Rc2 Bf4 37. Ka3 Rb5 38. Ka4 Rc5 39. Rxc5 dxc5 40.
Kxa5 Be3 41. Kb5 e5 42. Kc4 Ke7 43. Kd5 Bd4 0-1

[Event "Schachfestival 2014 - Senioren"]
[Site "Woerishofen Bad"]
[Date "2014.03.27"]
[Round "7.1"]
[White "Witte, Manfred"]
[Black "Baum, Bernd"]
[Result "1/2-1/2"]
[WhiteElo "2160"]
[BlackElo "2302"]
[PlyCount "47"]
[EventDate "2014.03.21"]
[EventType "swiss"]
[EventCountry "GER"]
[WhiteTeam "VfB Hermsdorf e.V."]
[BlackTeam "SV Empor Erfurt"]
[WhiteTeamCountry "GER"]
[BlackTeamCountry "GER"]

1. e4 c5 2. c3 d5 3. exd5 Qxd5 4. d4 g6 5. Nf3 Bg7 6. Na3 cxd4 7. Bc4 Qd8 8.
Nxd4 Nf6 9. O-O O-O 10. Bf4 a6 11. Qf3 Nbd7 12. Rfe1 Re8 13. Bg5 e5 14. Ndc2
Rb8 15. Rad1 h6 16. Bh4 Qe7 17. Ne3 Nb6 18. Bb3 Bd7 19. Nac4 Bc6 20. Qe2 Nxc4
21. Bxc4 Rbd8 22. Nd5 Bxd5 23. Rxd5 Rxd5 24. Bxf6 1/2-1/2

[Event "Schachfestival 2014 - Senioren"]
[Site "Woerishofen Bad"]
[Date "2014.03.27"]
[Round "7.34"]
[White "Schweitzer, Paul"]
[Black "Schaberg, Wolfgang"]
[Result "1/2-1/2"]
[WhiteElo "1696"]
[BlackElo "1884"]
[PlyCount "119"]
[EventDate "2014.03.21"]
[EventType "swiss"]
[EventCountry "GER"]
[WhiteTeam "SV Königsjäger Süd-West e.V."]
[BlackTeam "Scacchi Franciacorta"]
[WhiteTeamCountry "GER"]
[BlackTeamCountry "ITA"]

1. Nf3 d5 2. d4 Nf6 3. c3 Bg4 4. Nbd2 Nbd7 5. Qb3 Qc8 6. e3 e6 7. a3 Bd6 8. c4
c6 9. c5 Bc7 10. a4 a5 11. Bd3 e5 12. Be2 O-O 13. h3 Be6 14. Ng5 e4 15. Nxe6
fxe6 16. O-O Rb8 17. f4 exf3 18. Bxf3 b6 19. cxb6 Bxb6 20. Qc2 c5 21. Nb3 c4
22. Nd2 e5 23. Qf5 Qe8 24. dxe5 Bxe3+ 25. Kh1 Ne4 26. Bxe4 Rxf5 27. Bxd5+ Kh8
28. Rxf5 Nxe5 29. Nxc4 Nxc4 30. Bxc4 Bd4 31. Ra3 Bxb2 32. Bxb2 Rxb2 33. Raf3
Rb8 34. Bb5 Qd8 35. Rd3 Qh4 36. Rdf3 h6 37. R5f4 Qe7 38. Rf7 Qe6 39. R7f4 Rd8
40. Rf5 Qe4 41. R5f4 Rd1+ 42. Bf1 Qb1 43. Kh2 Kh7 44. h4 Qb8 45. Kh3 Qc8+ 46.
Kg3 Qc7 47. Kh3 Qd7+ 48. Kh2 Rd4 49. Bb5 Qd6 50. g3 g5 51. Rxd4 Qxd4 52. hxg5
Qd2+ 53. Kg1 hxg5 54. Rf2 Qe1+ 55. Kg2 Qe4+ 56. Kg1 g4 57. Re2 Qd5 58. Rf2 Kg6
59. Be8+ Kg5 60. Bb5 1/2-1/2